Music Artists by Song - R - Statistics

General Stats
  • This quiz has been taken 98 times
    58 since last reset
  • The average score is 11 of 32
Answer Stats
Songs Artist % Correct
Can't Stop / Californication / Scar Tissue Red Hot Chili Peppers
92%
Losing My Religion / Everybody Hurts / Shiny Happy People R.E.M
82%
Creep / Let Down / No Surprises Radiohead
79%
Paint It, Black / Start Me Up / (I Can't Get No) Satisfaction The Rolling Stones
79%
We Found Love / Only Girl (In The World) / Breakin' Dishes Rihanna
72%
APT. / Messy / toxic till the end ROSE
62%
Blurred Lines / Lost Without U / Wanna Love You Girl Robin Thicke
54%
Blitzkrieg Bop / I Wanna Be Sedated / Pet Sematary The Ramones
54%
Sonne / Du Hast / Deutschland Rammstein
49%
Hit the Road Jack / I've Got a Woman / I Believe to my Soul Ray Charles
44%
Do Ya Think I'm Sexy / Maggie May / Baby Jane Rod Stewart
41%
Killing In The Name / Bulls On Parade / Guerrilla Radio Rage Against The Machine
38%
Can't Fight This Feeling / Keep on Loving You / Take It On the Run REO Speedwagon
38%
Angels / Feel / Rock DJ Robbie Williams
33%
Oh, Pretty Woman / You Got It / Only the Lonely Roy Orbison
31%
Be Me Baby / Baby, I Love You / Sleigh Ride The Ronettes
31%
Born Again / Escapism / Prada RAYE
28%
Come And Get Your Love / The Witch Queen of New Orleans / I've Got to Find the Right Woman Redbone
26%
Unchained Melody / You've Lost That Lovin' Feeling / (You're My) Soul and Inspiration The Righteous Brothers
26%
Escape (The Pina Colada Song) / Him / Terminal Rupert Holmes
21%
Since You Been Gone / The Temple Of The King / Man On The Silver Mountain Rainbow
15%
I Can't Handle Change / Christmas Kids / Poor Grammar Roar
15%
Dragula / Living Dead Girl / Superbeast Rob Zombie
15%
Photograph / It Don't Come Easy / You're Sixteen (You're Beautiful And You're Mine) Ringo Starr
13%
Cherry Bomb / You Drive Me Wild / Dead End Justice The Runaways
8%
Cinderella / Photo ID / Soup Remi Wolf
5%
Leave Me Alone / Not My Fault / Too Well Renee Rapp
5%
Notion / Origami / Backwards The Rare Occasions
5%
Fancy / The Night The Light Went Out In Georgia / Consider Me Gone Reba McEntire
3%
Love Me Not / Best Friend / Pluto Projector Rex Orange Country
3%
Evergreen / Lake Missoula / Subliming Richy Mitch & The Coal Miners
3%
Go All The Way / I Wanna Be With You / I'm A Rocker Raspberries
0%
No matching quizzes found
Score Distribution
Percent of People with Each Score
Percentile by Number Answered
Your Score History
You have not taken this quiz since the last reset